Ministers must 'hasten advances' in city life (Record no. 63463)

MARC details
000 -LEADER
fixed length control field 00797cam a2200205 4500
001 - CONTROL NUMBER
control field WB3619-36
008 - FIXED-LENGTH DATA ELEMENTS--GENERAL INFORMATION
fixed length control field 000000n2000 000 0 eng u
035 ## - SYSTEM CONTROL NUMBER
System control number (Sirsi) u105981
245 ## - TITLE STATEMENT
Title Ministers must 'hasten advances' in city life
260 ## - PUBLICATION, DISTRIBUTION, ETC.
Date of publication, distribution, etc. 2000
490 ## - SERIES STATEMENT
Series statement Financial Times
Volume/sequential designation 16 May 2000, 10(1)
520 ## - SUMMARY, ETC.
Summary, etc. Members of the government's urban task voice concerns about Whitehall's commitment to improving the quality of city life. A single public service agreement on the urban renaissance is called for, to ensure the spending plans of all government departments reflect urban priorities.
590 ## - LOCAL NOTE (RLIN)
Local note WB
650 ## - SUBJECT ADDED ENTRY--TOPICAL TERM
Topical term or geographic name entry element URBAN RENEWAL
650 ## - SUBJECT ADDED ENTRY--TOPICAL TERM
Topical term or geographic name entry element TOWARDS AN URBAN RENAISSANCE
650 ## - SUBJECT ADDED ENTRY--TOPICAL TERM
Topical term or geographic name entry element URBAN TASKFORCE
650 ## - SUBJECT ADDED ENTRY--TOPICAL TERM
Topical term or geographic name entry element LORD ROGERS
690 ## - LOCAL SUBJECT ADDED ENTRY--TOPICAL TERM (OCLC, RLIN)
Topical term or geographic name as entry element REGENERATION
942 ## - ADDED ENTRY ELEMENTS (KOHA)
Suppress in OPAC 0
Holdings
Withdrawn status Lost status Source of classification or shelving scheme Damaged status Not for loan Home library Current library Shelving location Date acquired Total Checkouts Full call number Barcode Date last seen Copy number Price effective from Koha item type
    Dewey Decimal Classification     London London News article 17/05/2000   WB3619-20 105981-1001 06/08/2019 1 06/08/2019 News article